បណ្តាំក្រមង៉ុយ / (Record no. 6699)
[ view plain ]
| 000 -LEADER | |
|---|---|
| fixed length control field | 02086nam a22002297a 4500 |
| 001 - CONTROL NUMBER | |
| control field | 6699 |
| 003 - CONTROL NUMBER IDENTIFIER | |
| control field | FISKH |
| 005 - DATE AND TIME OF LATEST TRANSACTION | |
| control field | 20250521113508.0 |
| 008 - FIXED-LENGTH DATA ELEMENTS--GENERAL INFORMATION | |
| fixed length control field | 250521b cb ||||| |||| 00| 0 eng d |
| 040 ## - CATALOGING SOURCE | |
| Original cataloging agency | FISKH |
| Language of cataloging | khr |
| Transcribing agency | FISKH |
| Modifying agency | FISKH |
| 082 ## - DEWEY DECIMAL CLASSIFICATION NUMBER | |
| Classification number | 800 |
| 100 ## - MAIN ENTRY--PERSONAL NAME | |
| Personal name | Ngoy, Krom |
| 245 ## - TITLE STATEMENT | |
| Title | បណ្តាំក្រមង៉ុយ / |
| Statement of responsibility, etc. | និពន្ធដោយ អ្នកព្រះភិរម្យភាសា អ៊ូ ហៅ ង៉ុយ |
| 260 ## - PUBLICATION, DISTRIBUTION, ETC. | |
| Place of publication, distribution, etc. | ភ្នំពេញ : |
| Name of publisher, distributor, etc. | បោះពុម្ពផ្សាយដោយអង្គការសន្តិស្ម័គ្រចិត្តកម្ពុជា ( អេស វី អេ ) , |
| Date of publication, distribution, etc. | ២០០៥ . |
| 300 ## - PHYSICAL DESCRIPTION | |
| Extent | 133 pages : |
| Other physical details | illustrations ; |
| Dimensions | 21 cm . |
| 520 ## - SUMMARY, ETC. | |
| Summary, etc. | សៀវភៅ «បណ្តាំក្រមង៉ុយ» និពន្ធដោយ អ្នកព្រះភិរម្យភាសា អ៊ូ ហៅ ង៉ុយ គឺជាស្នាដៃអក្សរសិល្ប៍ប្រកបដោយសារៈធម៌ និងគុណធម៌ដែលមានតម្លៃខ្ពស់ ក្នុងសង្គមខ្មែរ។ សៀវភៅនេះត្រូវបានសរសេរជាកាព្យ ប្រើភាសាសាមញ្ញ បែបសំណេរពោរពេញដោយការណែនាំ និងបង្រៀនដល់ជំនាន់ក្រោម ដូចជាកូន ចៅ អ្នករៀន និងប្រជាជនជាទូទៅ។ |
| 520 ## - SUMMARY, ETC. | |
| Summary, etc. | The book "Bondam Kram Ngoy", written by Neak Preah Phirum Phiesa Ou, also known as Ngoy, is a literary work rich in moral and ethical values that holds great significance in Khmer society. Written in poetic form using simple, accessible language, the book is filled with guidance and teachings directed toward the younger generation, including children, students, and the general public.<br/><br/><br/><br/><br/> |
| 650 ## - SUBJECT ADDED ENTRY--TOPICAL TERM | |
| Topical term or geographic name entry element | បណ្តាំក្រមង៉ុយ |
| 650 ## - SUBJECT ADDED ENTRY--TOPICAL TERM | |
| Topical term or geographic name entry element | Bondam Krom Ngoy |
| 942 ## - ADDED ENTRY ELEMENTS (KOHA) | |
| Source of classification or shelving scheme | Dewey Decimal Classification |
| Koha item type | Khmer Books |
| Suppress in OPAC | No |
| Withdrawn status | Lost status | Source of classification or shelving scheme | Damaged status | Not for loan | Collection | Home library | Current library | Shelving location | Date acquired | Total Checkouts | Full call number | Barcode | Date last seen | Price effective from | Koha item type |
|---|---|---|---|---|---|---|---|---|---|---|---|---|---|---|---|
| Dewey Decimal Classification | Khmer Language Books / សៀវភៅភាសាខ្មែរ | Footprints International School Library Network Toul Tom Poung Campus | Footprints International School Library Network Toul Tom Poung Campus | TTP Secondary Khmer Bookshelves | 05/21/2025 | NGO 800 | FISSE01513 | 05/21/2025 | 05/21/2025 | Khmer Books |
